Vista normal
Vista MARC
Entrada Nombre geográfico
Número de registros utilizados en: 1
001 - NÚMERO DE CONTROL
- campo de control: 32505
003 - IDENTIFICADOR DEL NÚMERO DE CONTROL
- campo de control: OSt
005 - FECHA Y HORA DE LA ÚLTIMA TRANSACCIÓN
- campo de control: 20200615033340.0
008 - DATOS DE LONGITUD FIJA
- campo de control de longitud fija: 200615|| aca||aabn | a|a d
040 ## - FUENTE DE LA CATALOGACIÓN
- Centro catalogador/agencia de origen: OSt
- Centro/agencia transcriptor: OSt
151 ## - ENCABEZAMIENTO--NOMBRE GEOGRÁFICO
- Nombre geográfico: BARAHONA
- Subdivisión geográfica: (REPÚBLICA DOMINICANA)
- Subdivisión general: HISTORIA LOCAL
670 ## - FUENTE DE DATOS ENCONTRADOS
- Cita de la fuente: Work cat.: (OSt)13983: Tavárez R., Gustavo Adolfo, 1947- 32504, Eran otros los tiempos y otros los hombres :, 1999.
